04319cam a22004098i 450000100090000000300050000900500170001400800410003101000170007202000270008903500130011604000290012904200080015805000260016608200340019224500900022625000190031626300090033526400510034430000520039533600260044733700280047333800270050150400510052850518530057952010350243265000520346765000540351965000180357365000200359165000220361170000380363370000380367170000380370970000290374777601330377622378363CSPC20250902170312.0220111s2022 nju b 001 0 eng  a 2022001032 a9781119807186q(cloth) a22378363 aDLCbengerdacDLCdCSPC apcc00aQH541.5.C6bU735 202200a577.56bUr12223/eng/2022011200aUrban ecology and global climate change /cedited by Rahul Bhadouria, [and 3 others]. aFirst edition. a2205 1aHoboken, New Jersey :bWiley-Blackwell,c2022. axvi, 351 pages :billustrations, maps ;c25 cm. atextbtxt2rdacontent aunmediatedbn2rdamedia avolumebnc2rdacarrier aIncludes bibliographical references and index.0 aSection 1. Urban ecology and global climate change: introduction -- Urban ecology and climate change: challenges and mitigation strategies -- Climate change, urbanisation, and their impact on increased occurrence of cardiometabolic syndrome -- Section 2. Urban landscape design using emerging techniques -- An alternative sustainable city framework to tackle climate change issues in India -- Integrated water resource management for future water security -- Water urbanism and multifunctional landscapes: case of Adyar River, Chennai, and Ganga River, Varanasi, India -- Urban landscape change detection using GIS and RS: Chattogram City corporation, Bangladesh -- Emerging techniques for urban resource restoration of various ecosystem: bioremediation, phytoremediation, habitat enhancement -- Phytoremediation of urban air pollutants: current status and challenges -- Section 3. Biodiversity and natural resource exploitation -- Tree benefits in urban environment and incidences of tree vandalism: a review for potential solutions -- Environmental status of green spaces in Bhaktapur district of Nepal - 2019 -- Challenges and opportunities of establishing jungle flora nursery in urban settlements -- Effect of the changing climate and urban ecology on spreading of infectious diseases including SARS-CoV-2 -- Human wildlife conflict in the Mumbai metropolitan region - an empirical study -- Section 4. Urbanisation, sustainable development goals (SDGs), and climate change -- Building knowledge on urban sustainability in the Czech Republic: a self-assessment approach -- A sustainable approach to combat climate change: case studies from some urban systems -- Section 5. Climate change and threats to ecological conservation -- Threats from sea level rise and erosion: a case study of an estuarine inhabited island Ghoramara, Hooghly estuary. a"Humankind is facing three major challenges viz. human overpopulation, urbanisation, and climate change with the onset of the twenty-first century (Steiner 2014). Presently, about seven billion (expected to reach 8.2 and 9 billion by 2025 and 2050, respectively) people are inhabiting the Earth which is more than any previous time. Urban areas and people living in the cities are increasing rapidly in size, globally (Mitchell et al. 2018). Over half (~54%) of the world's population is residing in the urban areas which is expected to grow to 60 and 80% by the year 2030 and 2050, respectively (Lee 2011; Vasishth 2015). Urbanisation phenomenon can be seen occurring on all the continents (except Antarctica); however, rapid urbanisation is happening, particularly in the Asia and Sub-Saharan Africa (Yu et al. 2017). Rapid urbanisation is putting severe stress on the planet Earth resulting in changes in the ecosystems from the landscape to the global scales (Steiner 2014; Colding and Barthel 2017)"--cProvided by publisher. 0aUrban ecology (Biology)xEnvironmental aspects. 0aUrban ecology (Sociology)xEnvironmental aspects. 0aUrbanization. 0aOverpopulation. 0aClimatic changes.1 aBhadouria, Rahul,d1982-eeditor.1 aUpadhyay, Shweta,d1987-eeditor.1 aTripathi, Sachchidanand,eeditor.1 aSingh, Pardeep,eeditor.08iOnline version:tUrban ecology and global climate changebFirst edition.dHoboken : Wiley, 2022z9781119807193w(DLC) 2022001033